Európsky marketing uľahčuje vstup podniku na jednotný trh EÚ

Vznik a podstata európskeho marketingu. Intenzita vzťahov medzi národným a európskym marketingom. Marketingové rozhodnutia MSP o vstupe na zahraničný trh - marketingový výskum zahraničného trhu, výber trhu, formy vstupu na cieľový trh, segmentácia trhu, výber cieľového trhu a trhová pozícia. Európa...

Descripción completa

Guardado en:
Detalles Bibliográficos
Autor principal: Čihovská, Viera
Formato: Capítulo de libro
Lenguaje:eslovaco
Materias:
Etiquetas: Agregar Etiqueta
Sin Etiquetas, Sea el primero en etiquetar este registro!

MARC

LEADER 00000nla a2200000 4500
001 0159963
005 20240502072756.0
041 0 |a slo 
044 |a SK 
245 1 0 |a Európsky marketing uľahčuje vstup podniku na jednotný trh EÚ  |c Viera Čihovská 
520 |a Vznik a podstata európskeho marketingu. Intenzita vzťahov medzi národným a európskym marketingom. Marketingové rozhodnutia MSP o vstupe na zahraničný trh - marketingový výskum zahraničného trhu, výber trhu, formy vstupu na cieľový trh, segmentácia trhu, výber cieľového trhu a trhová pozícia. Európa má ešte ďaleko od toho, aby sa stala jednotným vnútorným trhom pre európske firmy, ale taktiež od toho, aby sa stala jednotným zahraničným trhom pre spoločnosti mimo Európy. 
610 2 0 |a trh spoločný 
610 2 0 |a Európa 
610 2 0 |a marketing globálny 
610 2 0 |a marketing regionálny 
610 2 0 |a marketing environmentálny 
100 1 |a Čihovská, Viera